000 00536nam a2200229Ia 4500
005 20230426072854.0
008 230125s9999 xx 000 0 und d
020 _a978-81-8495-881-2
041 _aeng
082 _a658.45
_bZOL
100 _aZoller K
245 _a16 Communication Secrets
260 _c2017
_bJaico Publishing House
_aMumbai
300 _a127p
440 _v1
500 _aCommunication
650 _aCommunication
700 _aZoller K
906 _b27
942 _cBK
999 _c94939
_d94939